Buenos Aires: historia urbana del área metropolitana

Uloženo v:
Podrobná bibliografie
Hlavní autoři: Gutman, Margarita (Autor), Hardoy, Jorge Enrique (Autor)
Médium: Kniha
Jazyk:španělština
Vydáno: Madrid MAPFRE 1992
Edice:Colección ciudades de Iberoamérica, 13
Témata:
Tagy: Přidat tag
Žádné tagy, Buďte první, kdo vytvoří štítek k tomuto záznamu!

MARC

LEADER 00000nam a2200000 a 4500
001 UCX6721
003 CL-VaPUC
008 930809e19920000SP |||||||||||||||||spa|d
082 0 4 |a 982.11  |b GUT  |2 21 
100 |a Gutman, Margarita  |e author  |9 323386 
700 |a Hardoy, Jorge Enrique  |e author  |9 619715 
245 1 0 |a Buenos Aires: historia urbana del área metropolitana 
300 |a 374 p 
942 |c BK 
945 |d 19930809 00:00:00 
260 |a Madrid  |b MAPFRE  |c 1992 
650 7 |a URBANISMO HISTORIA  |2 CL-VaPUC  |9 268823 
651 7 |a BUENOS AIRES  |2 CL-VaPUC  |9 255286 
651 0 |a Argentina  |9 254888 
583 |a last modification  |c 19930809 00:00:00  |k Rodrigo Vera 
490 0 |a Colección ciudades de Iberoamérica, 13 
999 |c 226700  |d 226698 
952 |0 0  |1 0  |4 0  |6 982_110000000000000_GUT_1992  |7 0  |8 A  |9 225249  |a BIBHIS  |b BIBHIS  |d 2019-11-15  |i 2939517  |o 982.11 GUT 1992  |p 2939517  |r 2025-01-20  |w 2019-11-15  |y BK  |k HIS